[Event "SLO-ch U12 Girls"]
[Site "Rogaska Slatina"]
[Date "2009.02.26"]
[Round "8"]
[White "Pavlic, Petra"]
[Black "Cervan, Ursa"]
[Result "1-0"]
[WhiteElo "1566"]
[BlackElo "1500"]
[PlyCount "85"]
[EventDate "2009.02.22"]
[EventType "swiss"]
[EventRounds "9"]
[EventCountry "SLO"]
[SourceTitle "CBM 129 Extra"]
[Source "ChessBase"]
[SourceDate "2009.05.05"]
[SourceVersion "2"]
[SourceVersionDate "2009.05.20"]
[SourceQuality "1"]

1. e4 e5 2. Nf3 Nc6 3. Bc4 Nf6 4. d3 h6 5. Nbd2 d6 6. Nf1 Bg4 7. h3 Bh5 8. Ng3 Bxf3 9. Qxf3 Nd4 10. Qd1 Qd7 11. c3 Nc6 12. Bb5 Ng8 13. Be3 Nge7 14. d4 0-0-0 15. d5 a6 16. dxc6 Nxc6 17. Ba4 g6 18. 0-0 f5 19. exf5 gxf5 20. Bxc6 Qxc6 21. Nxf5 Rg8 22. Ng3 d5 23. Qf3 Bd6 24. Nf5 e4 25. Nxd6+ Rxd6 26. Qf5+ Rd7 27. Kh1 Kb8 28. f3 Rdg7 29. fxe4 Qd6 30. Rg1 dxe4 31. Qxe4 b6 32. a4 Re7 33. Qf3 Rg3 34. Qf8+ Kb7 35. Bf4 Rxh3+ 36. gxh3 Qd5+ 37. Kh2 Re2+ 38. Kg3 Qd3+ 39. Kh4 Re4 40. Rad1 Qf3 41. Rgf1 Qg2 42. Qd8 Qh2 43. Qxc7+ 1-0

[Event "SLO-ch U12 Girls"]
[Site "Rogaska Slatina"]
[Date "2009.02.24"]
[Round "5"]
[White "Janzelj, Lara"]
[Black "Cervan, Ursa"]
[Result "1-0"]
[WhiteElo "1572"]
[BlackElo "1500"]
[PlyCount "49"]
[EventDate "2009.02.22"]
[EventType "swiss"]
[EventRounds "9"]
[EventCountry "SLO"]
[SourceTitle "CBM 129 Extra"]
[Source "ChessBase"]
[SourceDate "2009.05.05"]
[SourceVersion "2"]
[SourceVersionDate "2009.05.20"]
[SourceQuality "1"]

1. Nf3 Nf6 2. d4 d5 3. Bf4 e6 4. e3 c5 5. c3 Bd6 6. Ne5 0-0 7. Be2 b6 8. 0-0 Ba6 9. Nd2 Bxe2 10. Qxe2 Qc7 11. Ndf3 Nbd7 12. Qc2 Ne4 13. Nxd7 Qxd7 14. Bg3 Nxg3 15. hxg3 h6 16. Kh2 f6 17. Rh1 e5 18. Qg6 e4 19. Nh4 f5 20. Qh5 cxd4 21. cxd4 Be7 22. Ng6 Rf6 23. g4 fxg4 24. Qxd5+ Kh7 25. Qxd7 1-0

[Event "SLO-ch U12 Girls"]
[Site "Rogaska Slatina"]
[Date "2009.02.23"]
[Round "3"]
[White "Cervan, Ursa"]
[Black "Zupevc, Lucija"]
[Result "1-0"]
[WhiteElo "1500"]
[BlackElo "1513"]
[PlyCount "67"]
[EventDate "2009.02.22"]
[EventType "swiss"]
[EventRounds "9"]
[EventCountry "SLO"]
[SourceTitle "CBM 129 Extra"]
[Source "ChessBase"]
[SourceDate "2009.05.05"]
[SourceVersion "2"]
[SourceVersionDate "2009.05.20"]
[SourceQuality "1"]

1. e4 e5 2. Nf3 Nc6 3. Bc4 Nf6 4. c3 Bc5 5. d3 d6 6. Bb3 d5 7. Nbd2 dxe4 8. dxe4 Bg4 9. 0-0 Bxf3 10. Nxf3 Qxd1 11. Rxd1 Nxe4 12. Bd5 Nf6 13. Bxc6+ bxc6 14. Nxe5 Ne4 15. Be3 Bxe3 16. fxe3 c5 17. Rac1 0-0 18. b4 cxb4 19. cxb4 Rad8 20. a3 Rd6 21. Rd4 Rxd4 22. exd4 Rd8 23. Rxc7 f6 24. Nc6 Re8 25. Rxa7 Nd6 26. a4 Re2 27. Ra8+ Kf7 28. b5 Ne4 29. h3 Kg6 30. b6 Nd6 31. Rd8 Nb7 32. Rd7 Kf5 33. Rxb7 Kf4 34. Kh2 1-0